00626nam a2200205Ia 4500003000900000008004100009040001300050040001300063041000800076100002400084100000800108245013900116250001200255260000800267260000900275300001000284490002300294490000600317600009700323IT-RoPAU120407s9999 xx 000 0 und d aIT-RoPAU cIT-RoPAU aita aTommaso d’Aquino  csan aSumma contra los gentiles. 2 voll. Segunda ed. dirigida por los Padres laureano Robles Carcedo, o. p. , e Adolfo Robles Sierra, o. p.  aMadrid  aBAC c1968 c20 cm a (B.A.C.,94, 102). v1 aI. Libros 3°y 4°: Dios, fin ultimo y gobernador supremo.Misterios divinos y postrimerias.